000 00618nam a2200241Ia 4500
003 OSt
005 20220912153235.0
006 a|||||r|||| 00| 0
007 ta
008 220909b |||||||| |||| 00| 0 eng d
024 _a313
037 _cTextual
040 _aCSL
_beng
_cCSL
041 _aeng
082 _aB0X, K5
100 _aFormby John
245 0 _aIntroduction to the mathematical formulation of self-organizing systems
260 _c1965
300 _ap.
_ccm.
650 _aTjeory of electrical engirneering
942 _hB0X, K5
_cTEXL
_2CC
999 _c99589
_d99589